000 00631cam a2200241 4500
001 3591274
005 20180127035748.0
008 731001s1967 enkabce b 000 0 eng
010 _a 67082640
015 _aB67-7020
040 _aDLC
_cDLC
_dDLC
041 _aeng
043 _ae-uk---
_ae-uk-en
080 _aDA110
082 0 0 _a700.942 HAL
_219
100 1 _a16
101 _aHIS
245 1 3 _aAn illustrated cultural history of England
_c[by] F. E. Halliday.
504 _aBibliography: p. [6]
740 0 _aCultural history of England.
906 _a7
_bcbc
_corignew
_du
_eopcn
_f19
_gy-gencatlg
942 _2ddc
_cBK
999 _c41076
_d41076